000 00414nam a2200181Ia 4500
001 2752
005 20260306144830.0
008 260306t2008||||xx |||||||||||||| ||spa||
041 _aESP
082 _a225.92
_bC85
100 _aCothenet, Edouard
_eAUT
245 0 _aSan Pablo en su tiempo
260 _c2008
300 _a82 páginas :
_c19 cm.
650 _aGEN
654 _aCHU
942 _cLIB
_dJUS
_fJUS
_2ddc
_n
999 _c2752
_d2752